1549 1950 1976 1803 1608 1326 1413 1320 1514 1055 1929 1939 1903 1080 1536 1766 1897 1462 1276 1089 1692 1370 1441 1879 1746 1581 1380 1043 1291 1396 1592 1913 1877 1362 1640 1037 1867 1437 1096 1263 1250 1517 1363 1914 1685 1482 1471 1766 1769 1500 1579 1741 1946 1754 1494 1885 1862 1375 1962 1881 1597 1923 1757 1415 1816 1934 1454 1841 1853 1441 1612 1091 1726 1699 1755 1333 1941 1420 1944 1223 1752 1155 1832 1604 1590 1030 1370 1675 1589 1784 1953 1696 1372 1591 1952 1076 1971 1909 1227 BCNSPRNW ULIB Ver.6.0+V

เปลี่ยนเป็นภาษาไทย

Change to English
 แสดงรายละเอียดบรรณานุกรม
  กลับหน้าหลัก

Brief Record : Get Marc (ISO 2709) : E-mail record : QR code < ปิดหน้าต่าง
LEADER : 00000nam 2200000uu 4500
001    13399111966
003     ULIB
008    110713s2553||||th 000 0 tha d
020    9789746452789(ล.2)
060  4 WY150^bส719ก ล.2
110 1  มหาวิทยาลัยสุโขทัยธรรมาธิราช^bสาขาวิชาพยาบาลศาสตร์
245 00 เอกสารการสอนชุดวิชา การพยาบาลผู้ใหญ่และผู้สูงอายุ หน่วยที่6-10=^bAdult and elderly nursing /^cบรรณาธิการ ศรีนวล สถิตวิทยานันท์
246 31 Adult and elderly nursing
250    พิมพ์ครั้งที่ 11
260    นนทบุรี:^bศูนย์หนังสือมหาวิทยาลัยสุโขทัยธรรมาธิราช,^c2553
300    548 หน้า
650  7 การพยาบาลผู้สูงอายุ
650  7 การพยาบาลผู้ใหญ่
700 0  ศรีนวล สถิตวิทยานันท์,^eบรรณาธิการ
710 2  มหาวิทยาลัยสุโขทัยธรรมาธิราช^bสาขาวิชาพยาบาลศาสตร์
945    ^p0^l0^i18398
945    ^p0^l0^i18399
945    ^p0^l0^i18400
995    กัณชพร
999    ^aใช้งานได้ทุกระบบ
รายการนี้ยังไม่มีแท็ก
คุณยังไม่ได้ล็อกอิน คุณสามารถมีกิจกรรมร่วมกับเว็บไซต์ได้ แต่ต้องล็อกอินก่อน ::
  ล็อกอิน

รายการสื่อสารสนเทศ

ลำดับที่ ประเภท เลขเรียก/บาร์โค้ด สถานที่ สถานะ
1. วิทยาศาสตร์การแพทย์ และสุขภาพ
วิทยาศาสตร์การแพทย์ และสุขภาพ
สถานะ=หนังสือเก่า
WY150 ส719ก ล.2  
  Barcode: 18398
ห้องสมุดวิทยาเขตสวรรค์ประชารักษ์
►หนังสือทั่วไป
ถูกยืม กำหนดส่งวันที่ 4 กรกฎาคม 2568
  จอง
2. วิทยาศาสตร์การแพทย์ และสุขภาพ
วิทยาศาสตร์การแพทย์ และสุขภาพ
WY150 ส719ก ล.2 ฉ.2 
  Barcode: 18399
ห้องสมุดวิทยาเขตนครสวรรค์
►ส่วนจัดเก็บหนังสือเก่า นว.
บนชั้น
  ขอยืม
3. วิทยาศาสตร์การแพทย์ และสุขภาพ
วิทยาศาสตร์การแพทย์ และสุขภาพ
WY150 ส719ก ล.2 ฉ.3 
  Barcode: 18400
ห้องสมุดวิทยาเขตนครสวรรค์
►ส่วนจัดเก็บหนังสือเก่า นว.
บนชั้น
  ขอยืม

รายการใกล้เคียง
    หัวเรื่อง [การพยาบาลผู้สูงอายุ]
    หัวเรื่อง [การพยาบาลผู้ใหญ่]

BibComment


ยังไม่เคยถูกคอมเมนท์

คอมเมนท์ทรัพยากรรายการนี้
  คอมเมนท์: เอกสารการสอนชุดวิ..


 Copyright 2026. Bcnsprnw @Library